Klasicismus v moderním umění /

Hlavní autor: Michalová, Rea, 1980-
Jazyk: Čeština
Vydáno: Praha : Michal's Collection, 2007
Témata:
Externí odkaz: Digitalizovaný dokument
Fyzický popis: 287 s. : il. (některé barev.), portréty ; 28 cm
Language note: Část. anglický, německý a francouzský text, anglické resumé
Knihy
Uloženo v:
LEADER 02627nam a2200673 a 4500
001 nkc20071713528
003 CZ PrNK
005 20080614174534.0
007 ta
008 070322s2007 xr ac f 000 0dcze
015 |a cnb001713528 
020 |a 978-80-239-9089-8  |q (váz.) 
035 |a (OCoLC)189425450 
040 |a ABA001  |b cze 
041 1 |a cze  |b eng  |h eng  |h fre  |h ger 
043 |a e------  |a e-xr--- 
045 |a w9x3 
072 7 |a 72/76  |x Výtvarné umění  |2 Konspekt  |9 21 
080 |a 7.035.2  |2 MRF 
080 |a 72/76(4)  |2 MRF 
080 |a 7.036/.038  |2 MRF 
080 |a 72/76.071.1  |2 MRF 
080 |a 72/76(437.3)  |2 MRF 
080 |a (4)  |2 MRF 
080 |a (437.3)  |2 MRF 
080 |a (048.8)  |2 MRF 
080 |a (084.11)  |2 MRF 
100 1 |a Michalová, Rea,  |d 1980-  |7 xx0010582  |4 aut 
245 1 0 |a Klasicismus v moderním umění /  |c Rea Michalová 
260 |a Praha :  |b Michal's Collection,  |c 2007 
300 |a 287 s. :  |b il. (některé barev.), portréty ;  |c 28 cm 
500 |a Část. přeloženo z angličtiny, němčiny a francouzštiny 
504 |a Obsahuje bibliografii a bibliografické odkazy 
546 |a Část. anglický, německý a francouzský text, anglické resumé 
648 7 |a 19.-20. století  |7 ch757015  |2 czenas 
650 0 7 |a klasicismus (umění)  |7 ph121595  |2 czenas 
650 0 7 |a evropské výtvarné umění  |7 ph120080  |y 19.-20. století  |2 czenas 
650 0 7 |a moderní umění  |7 ph115340  |z Evropa  |2 czenas 
650 0 7 |a výtvarní umělci  |7 ph116709  |z Evropa  |y 19.-20. století  |2 czenas 
650 0 7 |a české výtvarné umění  |7 ph116865  |y 19.-20. století  |2 czenas 
650 0 7 |a moderní umění  |7 ph115340  |z Česko  |2 czenas 
650 0 7 |a výtvarní umělci  |7 ph116709  |z Česko  |y 19.-20. století  |2 czenas 
650 0 9 |a classicism (art)  |2 eczenas 
650 0 9 |a European art  |y 19th-20th centuries  |2 eczenas 
650 0 9 |a modern art  |z Europe  |2 eczenas 
650 0 9 |a artists  |z Europe  |y 19th-20th centuries  |2 eczenas 
650 0 9 |a Czech art  |y 19th-20th centuries  |2 eczenas 
650 0 9 |a modern art  |z Czechia  |2 eczenas 
650 0 9 |a artists  |z Czechia  |y 19th-20th centuries  |2 eczenas 
655 7 |a monografie  |7 fd132842  |2 czenas 
655 7 |a obrazové publikace  |7 fd132947  |2 czenas 
655 9 |a monographs  |2 eczenas 
655 9 |a pictorial works  |2 eczenas 
856 4 1 |u http://www.digitalniknihovna.cz/mzk/uuid/uuid:07108230-6951-11e8-8470-005056827e52  |y Digitalizovaný dokument  |x NDK 
910 2 |a BOA001  |b 3-1189.458 
990 |a BK 
995 |a 01 
991 |b 200708  |c NOV 
996 6 |b 2610316844  |c 3-1189.458  |l MZK  |r Sklad / do 1 hodiny  |n 7  |p p.v.  |w 000857084  |u 000010  |a 1  |e BOA001  |j MZK50  |s P